| 000 | 00454nam a2200181Ia 4500 | ||
|---|---|---|---|
| 005 | 20250224010536.0 | ||
| 008 | 240331s9999 xx 000 0 und d | ||
| 082 |
_bRAJ _22457 _a922 |
||
| 100 | _aRajadurai, S.V | ||
| 100 | _aS. Geetha | ||
| 245 | 0 | _aPeriyar: Suyamariyathai Samatharmam | |
| 260 |
_aKovai _bVidiyal Publishing House _c1996 |
||
| 300 | _axiv, 816 p., | ||
| 650 | _aJustice | ||
| 650 | _aSelf Esteem | ||
| 650 | _aEquality | ||
| 942 | _cL | ||
| 999 |
_c4265 _d4265 |
||